Dovevo fare del cinema (Lp Asc 20271) (Record n. 101173)
[ formato base ]
| 000 -LEADER | |
|---|---|
| fixed length control field | 01680njm a2200361Ia 4500 |
| 001 - CONTROL NUMBER | |
| control field | 20217 |
| 003 - CONTROL NUMBER IDENTIFIER | |
| control field | IT-RoPAU |
| 005 - DATE AND TIME OF LATEST TRANSACTION | |
| control field | 20220918181140.0 |
| 008 - FIXED-LENGTH DATA ELEMENTS--GENERAL INFORMATION | |
| fixed length control field | 131025s9999 xx 000 0 und d |
| 040 ## - CATALOGING SOURCE | |
| Original cataloging agency | IT-RoPAU |
| 040 ## - CATALOGING SOURCE | |
| Transcribing agency | IT-RoPAU |
| 041 ## - LANGUAGE CODE | |
| Language code of text/sound track or separate title | ITALIANO |
| 999 ## - SYSTEM CONTROL NUMBERS (KOHA) | |
| Koha Dewey Subclass [OBSOLETE] | n.d. |
| 100 ## - MAIN ENTRY--PERSONAL NAME | |
| Personal name | Alloisio Giampiero |
| 9 (RLIN) | 981 |
| 100 ## - MAIN ENTRY--PERSONAL NAME | |
| Relator term | Autore musica |
| 9 (RLIN) | 982 |
| 100 ## - MAIN ENTRY--PERSONAL NAME | |
| Miscellaneous information | Codice Autore Musica SPICS: 10715 |
| 9 (RLIN) | 983 |
| 245 ## - TITLE STATEMENT | |
| Title | Dovevo fare del cinema (Lp Asc 20271) |
| 250 ## - EDITION STATEMENT | |
| Edition statement | 1a ed. |
| 260 ## - PUBLICATION, DISTRIBUTION, ETC. (IMPRINT) | |
| Place of publication, distribution, etc. | MILANO |
| 260 ## - PUBLICATION, DISTRIBUTION, ETC. (IMPRINT) | |
| Name of publisher, distributor, etc. | ASCOLTO |
| Date of publication, distribution, etc. | 1981 [1a Ed.:1981 - Ed. Lingua Orig.: 1981] |
| 300 ## - PHYSICAL DESCRIPTION | |
| Extent | DISCO |
| 300 ## - PHYSICAL DESCRIPTION | |
| Dimensions | 44 minuti (Testo: pag.) |
| 500 ## - GENERAL NOTE | |
| General note | Spirito Tedesco - Dio e il bar - Dovevo fare del cinema - La gaia scienza - Città del Messico - Siamo Arrivati. Problema dell'esistenza umana. Problema di Dio. |
| 505 ## - FORMATTED CONTENTS NOTE | |
| Formatted contents note | Spirito Tedesco - Dio e il bar - Dovevo fare del cinema - La gaia scienza - Città del Messico - Siamo Arrivati - Gulliver (4:00) - Bisanzio (5:00) - Parole (6:00) - Il Dilemma (6:00) |
| 511 ## - PARTICIPANT OR PERFORMER NOTE | |
| Participant or performer note | Alloisio Giampiero |
| 650 ## - SUBJECT ADDED ENTRY--TOPICAL TERM | |
| Topical term or geographic name as entry element | CANTAUTORE [DISCHI] |
| Relator term | Codice MATERIA SPICS: 9950 |
| 9 (RLIN) | 984 |
| 700 ## - ADDED ENTRY--PERSONAL NAME | |
| Personal name | Guccini Francesco |
| Relator term | Autore musica |
| Miscellaneous information | Codice autore musica SPICS: 10938 |
| Name of part/section of a work | Gulliver |
| 9 (RLIN) | 985 |
| 700 ## - ADDED ENTRY--PERSONAL NAME | |
| Personal name | Alloisio Giampiero |
| Miscellaneous information | Codice autore testo/musica SPICS: 10715 |
| Relator code | Autore testo/musica |
| Name of part/section of a work | Gulliver |
| 9 (RLIN) | 986 |
| 700 ## - ADDED ENTRY--PERSONAL NAME | |
| Personal name | Guccini Francesco |
| Miscellaneous information | Codice autore testo/musica SPICS: 10938 |
| Relator code | Autore testo/musica |
| Name of part/section of a work | Bisanzio - Parole |
| 9 (RLIN) | 987 |
| 700 ## - ADDED ENTRY--PERSONAL NAME | |
| Personal name | Gaber Giorgio |
| Miscellaneous information | Codice autore musica SPICS: 10906 |
| Relator code | Autore musica |
| Name of part/section of a work | Il dilemma |
| 9 (RLIN) | 988 |
| 700 ## - ADDED ENTRY--PERSONAL NAME | |
| Personal name | Luporini Sandro |
| Miscellaneous information | Codice autore testo/musica SPICS: 4426 |
| Relator code | Autore testo/musica |
| Name of part/section of a work | Il dilemma |
| 9 (RLIN) | 989 |
| 942 ## - ADDED ENTRY ELEMENTS (KOHA) | |
| Koha item type | DISCHI |
| Source of classification or shelving scheme | Dewey Decimal Classification |
| Withdrawn status | Lost status | Damaged status | Not for loan | Home library | Current library | Date acquired | Total Checkouts | Full call number | Date last seen | Price effective from | Koha item type | Public note |
|---|---|---|---|---|---|---|---|---|---|---|---|---|
| Buone Condizioni | Not For Loan | SPICS-MEDIATECA | SPICS-MEDIATECA | 25/10/2013 | 20217 | 25/10/2013 | 25/10/2013 | DISCHI | Progr. Ins.: 3529 / N.Vol.: 1 / Copie: 1 - Copia rara: n.d. / date import: 01.01.2014 - By Epidotti, Trombetti, Vaglietti |